[Event "GER-chT U20"]
[Site "Muenster"]
[Date "2022.12.27"]
[Round "2"]
[White "Guelsen, Sinan Yilmaz"]
[Black "Trinh, Felix Toan"]
[Result "1-0"]
[WhiteElo "1147"]
[BlackElo "1594"]
[PlyCount "73"]
[EventDate "2022.12.26"]
[EventType "team-swiss"]
[EventRounds "7"]
[EventCountry "GER"]
[SourceTitle "CBM 212 Extra"]
[Source "ChessBase"]
[SourceDate "2023.03.31"]
[SourceVersion "1"]
[SourceVersionDate "2023.03.31"]
[SourceQuality "1"]
[WhiteTeam "Karlsruhe"]
[BlackTeam "Hemer"]
[WhiteTeamCountry "GER"]
[BlackTeamCountry "GER"]

1. e4 e5 2. Nf3 Nc6 3. Bb5 Bc5 4. c3 Qe7 5. 0-0 Nf6 6. d4 Bb6 7. Re1 0-0 8. Na3 d6 9. Bg5 h6 10. Bh4 Bg4 11. Bxc6 bxc6 12. dxe5 dxe5 13. Nc4 Rad8 14. Qe2 Bxf3 15. Qxf3 Rd7 16. Qf5 Qe6 17. Bxf6 Qxf5 18. exf5 gxf6 19. Kf1 Rfd8 20. Ke2 Kf8 21. f3 Ke7 22. Rad1 Rxd1 23. Rxd1 Rxd1 24. Kxd1 Bg1 25. h3 Kd7 26. Nd2 Be3 27. Ne4 Bg5 28. g3 Ke7 29. Ke2 Bc1 30. b4 Bg5 31. h4 Bc1 32. Kd3 Ba3 33. Kc2 a6 34. Nc5 a5 35. Nd3 axb4 36. cxb4 c5 37. bxc5 1-0